Popular 'T' Boys' Names (US 2016) Quiz Stats

 Plays Quiz not verified by Sporcle

Challenge
Share
Tweet
Embed
Score 0/40 Timer 08:00
0 Plays Today
Rank Name % Correct
48Thomas
96.4%
153Timothy
92.1%
541Ty
91.8%
91Tyler
88.6%
753Tommy
87.8%
83Theodore
86.3%
354Theo
86.3%
476Taylor
82%
740Terrance
73.4%
836Terrence
73.4%
322Trevor
73.2%
665Terry
73.2%
277Travis
72.7%
522Tony
69.3%
108Tristan
68.5%
637Tristen
68.5%
642Trent
68.2%
238Tanner
64.6%
589Trey
64.6%
711Tomas
64.4%
Rank Name % Correct
316Troy
64.2%
765Toby
62%
334Tyson
60.9%
246Tobias
56.9%
641Thaddeus
56.4%
391Trenton
53%
173Tucker
51.7%
806Trace
42.7%
447Tate
33.9%
283Titus
32.6%
638Tatum
27.5%
651Talon
27.5%
725Tripp
26.8%
910Turner
26.6%
929Terrell
21.9%
832Thatcher
21.5%
649Titan
20%
930Tristian
18.2%
267Thiago
16.3%
942Tadeo
11.8%

You're not logged in!

Compare scores with friends on all Sporcle quizzes.
Join for Free
OR
Log In

You Might Also Like...

Show Comments

Extras

Top Quizzes Today


Score Distribution

Your Account Isn't Verified!

In order to create a playlist on Sporcle, you need to verify the email address you used during registration. Go to your Sporcle Settings to finish the process.

Report this User

Report this user for behavior that violates our Community Guidelines.

Details: